000
00250nam a22001097a 4500
999
_c
261079
_d
261078
020
_a
9780590257831
100
_a
Debbie Dadey
245
_a
Unicorns Don`t Give Sleigh Rides
260
_a
New York
_b
Scholastic
_c
1997
300
_a
65 pgs
942
_c
BK